Minerals, collecting, and value across the U.S.-Mexico border (Record no. 152991)
[ view plain ]
| 000 -LEADER | |
|---|---|
| fixed length control field | 01573nam a2200385Ia 4500 |
| 082 04 - DEWEY DECIMAL CLASSIFICATION NUMBER | |
| Classification number | 382/.45549972 |
| 100 1# - MAIN ENTRY--AUTHOR NAME | |
| Personal name | Ferry, Elizabeth Emma. |
| 245 10 - TITLE STATEMENT | |
| Title | Minerals, collecting, and value across the U.S.-Mexico border |
| 260 ## - PUBLICATION, DISTRIBUTION, ETC. (IMPRINT) | |
| Place of publication | Bloomington : |
| Name of publisher | Indiana University Press, |
| Year of publication | c2013. |
| 300 ## - PHYSICAL DESCRIPTION | |
| Number of Pages | x, 235 p. : |
| Other physical details | ill. |
| 490 0# - SERIES STATEMENT | |
| Series statement | Tracking globalization |
| 650 #0 - SUBJECT ADDED ENTRY--TOPICAL TERM | |
| Topical Term | Mineral industries |
| Topical Term | Minerals |
| Topical Term | Minerals |
| Topical Term | Rock collectors. |
| 856 40 - ELECTRONIC LOCATION AND ACCESS | |
| Uniform Resource Identifier | http://site.ebrary.com/lib/rucke/Doc?id=10720499 |
No items available.
